000
00337nam a2200133Ia 4500
008
260604s9999 xx 000 0 und d
020
_a
9789351502838
082
_a
158.1 MIL
100
_a
Leslie a miller
_9
35899
245
0
_a
Psychological Testing: A Practical Approach
260
_b
SAGE
500
_a
Psychology, Testing
942
_c
BK
999
_c
8738
_d
8738